The Alexandria Blue Boy (Record no. 3203)
[ view plain ]
| 000 -LEADER | |
|---|---|
| fixed length control field | 00636nam a22000977a 4500 |
| 008 - FIXED-LENGTH DATA ELEMENTS--GENERAL INFORMATION | |
| fixed length control field | 211111b ||||| |||| 00| 0 eng d |
| 100 ## - MAIN ENTRY--AUTHOR'S NAME | |
| Author's Name | Taylor, May Day |
| 245 ## - TITLE STATEMENT | |
| Title | The Alexandria Blue Boy |
| Remainder of title | the postmaster, the letter, and the legend |
| 260 ## - PUBLICATION, DISTRIBUTION, ETC. (IMPRINT) | |
| Date of manufacture | c2006 |
| 650 ## - TOPICAL TERM (Tag) | |
| Topical term or geographic name | United States -- Virginia -- Alexandria | Provisionals and Forerunners | 1847 | Rare Issues and Covers | Famous Stamps and Collections | Stamps -- Histories | Postal Officials | Bryan, Daniel, 1790-1866. | Hooff, James Walace, 1825-1915 -- Correspondence | Postal Markings | Postal History | 19th Century | Collecting | Love-letters | Exhibitions -- Catalogs and Publications |
| Withdrawn status | Lost status | Source of classification or shelving scheme | Damaged status | Koha normalized classification for sorting | Not for loan | Permanent Location | Current Location | Shelving location | Date acquired | Total Checkouts | Full call number | Barcode | Date last seen | Price effective from | Koha item type |
|---|---|---|---|---|---|---|---|---|---|---|---|---|---|---|---|
| G3484 A43 T244 | Northern Philatelic Library | Northern Philatelic Library | General Stacks | 11/11/2021 | G3484 .A43 T244 | 1005641 | 11/11/2021 | 11/11/2021 | Books |